Ringing the changes (Record no. 84240)
[ view plain ]
| 000 -LEADER | |
|---|---|
| fixed length control field | 00868cab a22001935a 4500 |
| 001 - CONTROL NUMBER | |
| control field | L157030 |
| 008 - FIXED-LENGTH DATA ELEMENTS--GENERAL INFORMATION | |
| fixed length control field | 120815e20120811xxk 000 0 eng d |
| 035 ## - SYSTEM CONTROL NUMBER | |
| System control number | (Sirsi) u157030 |
| 041 0# - LANGUAGE CODE | |
| Language code of text/sound track or separate title | eng |
| 100 1# - MAIN ENTRY--PERSONAL NAME | |
| Personal name | Foo, Alicia |
| 245 00 - TITLE STATEMENT | |
| Title | Ringing the changes |
| 490 ## - SERIES STATEMENT | |
| Series statement | Estates Gazette |
| Volume/sequential designation | (1232) 11 August 2011, 36-39(4) |
| 520 ## - SUMMARY, ETC. | |
| Summary, etc. | Weighs up the balance between network operators and landowners in the development of a high speed network infrastructure for the UK. Describes the Law Commission's recent consultation paper on the Electronic Communications Code which has arisen as a result of criticism of the code. The code allows communications network providers to construct infrastructure on certain areas of public and private land. |
| 590 ## - LOCAL NOTE (RLIN) | |
| Local note | KA |
| 651 #4 - SUBJECT ADDED ENTRY--GEOGRAPHIC NAME | |
| Geographic name | United Kingdom |
| 690 ## - LOCAL SUBJECT ADDED ENTRY--TOPICAL TERM (OCLC, RLIN) | |
| Topical term or geographic name as entry element | Infrastructure |
| 9 (RLIN) | 6246 |
| 690 ## - LOCAL SUBJECT ADDED ENTRY--TOPICAL TERM (OCLC, RLIN) | |
| Topical term or geographic name as entry element | Utilities |
| 9 (RLIN) | 6272 |
| 942 ## - ADDED ENTRY ELEMENTS (KOHA) | |
| Suppress in OPAC | 0 |
| Withdrawn status | Lost status | Source of classification or shelving scheme | Damaged status | Not for loan | Home library | Current library | Shelving location | Date acquired | Total Checkouts | Full call number | Barcode | Date last seen | Copy number | Price effective from | Koha item type |
|---|---|---|---|---|---|---|---|---|---|---|---|---|---|---|---|
| Dewey Decimal Classification | London | London | Journal article | 15/08/2012 | L157030 | 157030-1001 | 06/08/2019 | 1 | 06/08/2019 | Journal article |